000 01120nab a22002777a 4500
999 _c5335
_d5335
003 OSt
005 20250223215049.0
008 190603e xxum|||| |||| 00| 0 spa d
040 _cPJ
100 _95959
_aIglesias, Mariana B.
245 1 3 _aLa problemática del objeto y el contenido de la cesión de herencia /
_cMariana B. Iglesias.
260 _cCiudad Autónoma de Buenos Aires :
_aThomson Reuters La Ley,
_b2023.
300 _ap. 31-41
500 _aCita Online: TR LALEY AR/DOC/2721/2023.
505 _aI. Introducción.— II. Conclusión.
505 _t¿Te interesa el texto completo? Solicitalo al correo: koha@justierradelfuego.gov.ar
650 0 _9888
_aSUCESIONES
650 0 _91497
_aCODIGO CIVIL Y COMERCIAL
650 0 _94553
_aPARTICION DE LA HERENCIA
650 0 _93433
_aCESIÓN DE DERECHOS
650 0 _92324
_aPRESCRIPCIÓN ADQUISITIVA
650 0 _9979
_aBIENES GANANCIALES
650 0 _91081
_aEXCLUSION HEREDITARIA
773 0 _02713
_93170
_dCiudad Autónoma de Buenos Aires : Thomson Reuters La Ley, 2015-
_tRevista Código Civil y Comercial. Nº 6 - Diciembre 2023
942 _2udc
_cANA